Bandiera giusta o sbagliata? #4 - Morte improvvisa - Statistics

Statistiche generali
  • Questo quiz è stato fatto 390 volte
  • Il punteggio medio è 4 su 20
Answers on the Grid
Answers color-coded by a green-red scale on the quiz's grid according to % correct below.
 
Statistiche sulle risposte
Risposta % Corretto
31%
26%
24%
24%
22%
22%
21%
21%
21%
21%
21%
18%
17%
14%
13%
11%
11%
10%
8%
4%
Nessun quiz corrispondente trovato
Distribuzione punteggi
Percentuale di utenti per punteggio
Percentile per numero di risposta
I tuoi punteggi nel tempo
Non hai fatto questo quiz